You vs. Sporcle Quiz Stats

 Plays Quiz Updated Nov 14, 2018

Support Sporcle.
Go Orange.
Score 0/30 Timer 03:00
0 Plays Today
% Correct
100
88.1%
Skins
86.6%
Kramer
86.4%
Nurture
83.2%
Villains
81.2%
Marvel
81%
Aliens
81%
Them
79.9%
Spy
79%
Jason
78.4%
Predator
77.7%
The World
76.5%
Giant Octopus
70.4%
Board of Education
70.1%
Machine
66.2%
% Correct
The Snowman
65%
Fuel
64.3%
Joes
63.8%
Larry Flynt
62.7%
Grievance
61.6%
The Red Baron
60.4%
Zombies
55.8%
The Volcano
54.8%
Capcom
53.2%
Godzilla
53.1%
Madison
50.4%
Spenny
49.4%
Arizona
48.9%
Pawn Endgame
40%
Kasparov
34.9%

You're not logged in!

Compare scores with friends on all Sporcle quizzes.
OR
Log In

From the Vault

90 Movies from the 1990s

by MSUKent

Grab some popcorn and settle in for a movie marathon like you haven't seen since the 90s!
Remove Ads.
Support Sporcle.
Get the best of Sporcle when you Go Orange. This ad-free experience offers more features, more stats, and more fun while also helping to support Sporcle. Thank you for becoming a member.

Show Comments

Extras

Top Quizzes Today


Score Distribution

Your Account Isn't Verified!

In order to create a playlist on Sporcle, you need to verify the email address you used during registration. Go to your Sporcle Settings to finish the process.

Report this User

Report this user for behavior that violates our Community Guidelines.

Details: